• 首页
  • 本馆介绍
  • 公告通知
  • 最新文献
  • 馆藏检索
  • 电子资源
  • 读者导购
  • 参考咨询
  • 我的图书馆
  • 登录
  • 详细信息显示
  • 放入我的书架
  • 预约/预借图书
  • 作者相关作品
  • 分类相关作品
  • 丛书相关作品
  • 出版社相关作品

书目信息

  • 表格格式
  • 工作单格式
  • 卡片格式
题名:
分子生物学实验参考手册
    
 
作者: 罗斯凯姆斯 , Roskams , 罗杰斯 , Rodgers 编 ;赵宗江 , 张玉祥 , 张春月 译
分册:  
出版信息: 北京   化学工业出版社  2005
页数: 217页
开本: 24cm
丛书名: 生物实验室系列
单 册:
中图分类: Q7-33
科图分类:
主题词: 分子生物学--实验--手册 , 分子生物学
电子资源:
ISBN: 7-5025-6768-2
000 01609oam2 2200361 450
001 012007039177
005 20070525153503.75
010    @a7-5025-6768-2@dCNY28.00
100    @a20070517d2005 km y0chiy0120 ea
101 1  @achi@ceng
102    @aCN@b110000
105    @ay z 001yy
106    @ar
200 1  @a分子生物学实验参考手册@Afen zi sheng wu xue shi yan can kao shou ce@e基本数据、试剂配制及其相关方法@f(美)简·罗斯凯姆斯(Jane Roskams),(美)琳达·罗杰斯(Linda Rodgers)编@F(mei)jian·luo si kai mu si(Jane Roskams),(mei)lin da·luo jie si(Linda Rodgers)bian@g赵宗江,张玉祥,张春月等译@Gzhao zong jiang,zhang yu xiang,zhang chun yue deng yi
210    @a北京@c化学工业出版社@d2005
215    @a217页@d24cm
225 2  @a生物实验室系列
330    @a本书内容包括常用溶液、大分子物质的制备和纯化试剂、蛋白质和核酸的电泳分离、特殊培养基、缓冲液和试剂等。
461  0 @12001 @a生物实验室系列
510 1  @aLab ref:a handbook of recipes, reagents, and other reference tools for use at the bench@zeng
517 1  @a基本数据、试剂配制及其相关方法@Aji ben shu ju、shi ji pei zhi ji qi xiang guan fang fa
606 0  @a分子生物学@x实验@j手册
606 0  @a分子生物学
690    @aQ7-33@v4
701  1 @c(美)@a罗斯凯姆斯@Aluo si kai mu si@bJ.@4编
701  1 @c(美)@aRoskams@bJane@4编
701  1 @c(美)@a罗杰斯@Aluo jie si@bL.@4编
701  1 @c(美)@aRodgers@bLinda@4编
702  0 @a赵宗江@Azhao zong jiang@f(1961?~)@4译
702  0 @a张玉祥@Azhang yu xiang@c(生物化学)@4译
702  0 @a张春月@Azhang chun yue@c(生物化学)@4译
801  0 @aCN@bRULIN@c20070525
905    @dQ7-33@e116@s8
    
    分子生物学实验参考手册:基本数据、试剂配制及其相关方法/(美)简·罗斯凯姆斯(Jane Roskams),(美)琳达·罗杰斯(Linda Rodgers)编/赵宗江,张玉祥,张春月等译.-北京:化学工业出版社,2005
    217页;24cm.-(生物实验室系列)
    
    
    ISBN 7-5025-6768-2:CNY28.00
    本书内容包括常用溶液、大分子物质的制备和纯化试剂、蛋白质和核酸的电泳分离、特殊培养基、缓冲液和试剂等。
●
相关链接 在E读中查询图书 在五车中查询图书 在当当中查询图书 在豆瓣中查询图书


正题名:分子生物学实验参考手册     索取号:Q7-33/116         预约/预借

序号 登录号 条形码 馆藏地/架位号 状态 备注
1 0580563   205805636   第二样本阅览室/ [索取号:Q7-33/116] 在馆    
2 0580564   205805645   第三借阅区/ [索取号:Q7-33/116] 在馆    
3 0580565   205805654   第三借阅区/ [索取号:Q7-33/116] 在馆    
4 0580566   205805663   第三借阅区/ [索取号:Q7-33/116] 在馆    
5 0580567   205805672   第三借阅区/ [索取号:Q7-33/116] 在馆    
6 0580568   205805681   第三借阅区/ [索取号:Q7-33/116] 在馆    
7 0580569   205805690   第三借阅区/ [索取号:Q7-33/116] 在馆    
8 0580570   205805707   第三借阅区/ [索取号:Q7-33/116] 在馆    
唐山师范学院图书馆 欢迎您!
大连网信软件有限公司© 版权所有